000
002900000a22001450004500
003
MACL
040
_a
MACL
090
_c
7322
_d
7321
100
_a
Santapau, H
245
_a
Common Tree
260
_b
Natioal Book Trust
_c
1966
350
_a
8.25
650
_a
Agriculture
942
_c
BOOK
_k
634
999
_c
7274
_d
7274